000 00315nam a22001337a 4500
008 171024b xxu||||| |||| 00| 0 eng d
020 _a0070064660
041 _aeng
080 _a311
100 _a55
101 _aSTA
245 _aWORKBOOK IN THE ESSENTIALS OF STATISTICS
_cSTEPHEN.A
942 _2udc
_cBK
999 _c35675
_d35675